| 000 | nam a22 a 4500 | ||
|---|---|---|---|
| 999 |
_c454367 _d454367 |
||
| 003 | BLK | ||
| 005 | 20220428162449.0 | ||
| 008 | 220428b bu |||||r|||||||| ||bu d | ||
| 040 | _aBLK | ||
| 041 |
_aBUL _cBUL |
||
| 080 |
_aОбща ботаника _b581 _x(075) _z581(075) |
||
| 100 |
_9322153 _aПопов, Кирил Йорданов _eпърви автор |
||
| 139 | _aПопов, Кирил Йорданов и др. | ||
| 245 |
_aАнатомия на растенията _bза студентите по биология при Соф. унив. _cК. Йорд. Попов, съавт. Ружа Р. Попова. |
||
| 260 |
_9209548 _aСофия _bНаука и изкуство _c1964 |
||
| 300 |
_a376 с. _bс ил. _c23 см |
||
| 380 | _a5 | ||
| 504 | _aБиблиогр.с. 371. | ||
| 650 | 7 |
_9168966 _aРастения |
|
| 650 | 7 |
_9149099 _aБотаника |
|
| 653 | 7 |
_9180868 _aанатомия на растенията |
|
| 653 | 7 |
_9199104 _aучебници за ВУЗ |
|
| 700 |
_9473722 _aПопова, Ружа Р. _eсъавт. |
||
| 852 |
_aЦб 32673 _bЦб |
||
| 942 |
_cKNG _n0 _s1 |
||
| 944 |
_aCR _c2022-04-28 _kА.М. |
||